Statistics for All Cordae Songs

Click here to take the quiz!

General Stats

  • This quiz has been taken 66 times
    (4 since last reset)
  • The average score is 13 of 88

Answer Stats

AlbumSong% Correct
The Lost BoyBroke as F**k
75%
Newest SingleDoomsday
75%
The Lost BoyRNP
75%
The Lost BoyThanksgiving
75%
From a Bird's Eye ViewGifted
50%
From a Bird's Eye ViewJean-Michel
50%
YBN: The MixtapeKung Fu
50%
The Lost BoyNightmares Are Real
50%
From a Bird's Eye ViewSinister
50%
From a Bird's Eye ViewSuper
50%
From a Bird's Eye ViewToday
50%
From a Bird's Eye ViewWestlake High
50%
The Lost BoyWintertime
50%
YBN: The MixtapeAlaska (Scotty Pippen)
25%
The Lost BoyBad Idea
25%
The Lost BoyBeen Around
25%
From a Bird's Eye ViewC Carter
25%
From a Bird's Eye ViewChampagne Glasses
25%
From a Bird's Eye ViewChronicles
25%
The Lost BoyHave Mercy
25%
The Lost BoyLost & Found
25%
Newest Single YetMake Up Your Mind
25%
From a Bird's Eye ViewMomma's Hood
25%
YBN: The MixtapeMy Name Is
25%
I'm So AnonymousOutro
25%
From a Bird's Eye ViewShiloh's Interlude
25%
From a Bird's Eye ViewShiloh's Intro
25%
The Lost BoySweet Lawd (Skit)
25%
YBN: The MixtapeTarget
25%
From a Bird's Eye ViewThe Parables
25%
Newer SingleTwo Tens
25%
UnacceptableUnacceptable
25%
From a Bird's Eye ViewWant from Me
25%
Just Until....Wassup
25%
The Lost BoyWe Gon Make It
25%
I'm So Anonymous2 Worlds Pt. 2
0%
I'm So Anxious3am Thoughts/4am Concerns
0%
I'm So AnxiousAbout Me
0%
AnxietyAdrenaline Rush
0%
I'm So AnonymousAll That Glitters
0%
I'm So AnonymousBestfriend
0%
I'm So AnxiousBreakup
0%
I'm So AnxiousCan't Breath
0%
New SingleChekmate
0%
I'm So AnonymousCome Thru
0%
AnxietyDown and Out
0%
Just Until....Dream in Color
0%
AnxietyExplanation
0%
The Lost BoyFamily Matters
0%
AnxietyGenesis
0%
I'm So AnxiousGone
0%
The Lost BoyGrandma's House (Skit)
0%
I'm So AnxiousHideaway
0%
AnxietyHope for Tomorrow
0%
I'm So AnonymousIdentity Crisis
0%
I'm So AnxiousI Feel Good
0%
AnxietyILLEST
0%
AnxietyLIFE
0%
I'm So AnonymousLike Woah
0%
Single #3Locationships
0%
I'm So AnonymousLong Nights
0%
I'm So AnxiousMake It Easy
0%
YBN: The MixtapeMake Me Feel
0%
Just Until....More Life
0%
I'm So AnonymousNervous
0%
I'm So AnxiousNever
0%
AnxietyNot Good Enough
0%
SingleOld N***as
0%
YBN: The MixtapePain Away
0%
I'm So AnxiousPressure
0%
I'm So AnonymousPrice Tags
0%
AnxietyQuestions
0%
I'm So AnonymousRap Politicians
0%
I'm So AnonymousRock Bottom
0%
I'm So AnonymousRunning Away
0%
Space Jam: A New Legacy (Original Motion Picture Soundtrack)Settle the Score
0%
UnacceptableSo With That
0%
I'm So AnonymousStory
0%
AnxietySucker for Love
0%
AnxietyText Back
0%
I'm So AnxiousThe Jungle
0%
Just Until....Thornton Street
0%
The Lost BoyThousand Words
0%
I'm So AnonymousTough Decisions
0%
The Lost BoyWay Back Home
0%
Single #2What's Life
0%
AnxietyWonders
0%
AnxietyWorld Look at Me
0%

Score Distribution

Percentile by Number Answered

Percent of People with Each Score

Your Score History

You have not taken this quiz since the last reset